| 000 | 01016nam a22002897a 4500 | ||
|---|---|---|---|
| 999 |
_c31732 _d31729 |
||
| 001 | 13940832 | ||
| 003 | OSt | ||
| 005 | 20190711093922.0 | ||
| 008 | 190711b ||||| |||| 00| 0 eng d | ||
| 020 | _a9780340964514(pbk.) | ||
| 035 | _a(OCoLC)ocm61669026 | ||
| 040 |
_aMMU _cMMU _dMMU _beng |
||
| 042 | _alccopycat | ||
| 050 | 0 | 0 |
_aBV4598.2 _b.O88 2008 |
| 082 | 0 | 4 |
_a248.4/076 _222 |
| 100 | 1 | _aOsteen, Joel. | |
| 245 | 1 | 0 |
_aYour best life now study guide : _b7 steps to reaching your full potential / _cJoel Osteen. |
| 246 | 3 | 0 | _a7 steps to reaching your full potential |
| 246 | 3 | _aSeven steps to reaching your full potential | |
| 260 |
_aNew York : _bWarner Faith, _cc2005. |
||
| 300 |
_a417 p. ; _c23 cm. |
||
| 500 | _aBased on: Your best life now. New York : Warner Books, 2004. | ||
| 650 | 0 |
_aSelf-actualization (Psychology) _xReligious aspects _xChristianity. |
|
| 650 | 0 |
_aSelf realization _xReligious aspects _xChristianity. |
|
| 700 | 1 |
_aOsteen, Joel. _tYour best life now. |
|
| 942 |
_2lcc _cLOAN LOAN |
||